| 000 | 00458nam a22001817a 4500 | ||
|---|---|---|---|
| 999 |
_c11734 _d11734 |
||
| 003 | OSt | ||
| 008 | 230124b ||||| |||| 00| 0 eng d | ||
| 020 | _a9788126556397 | ||
| 082 | _a650.13 CHS | ||
| 100 | _aCHAUHAN,Gajendra Singh | ||
| 245 | _aSoft Skills an Integrated Approach to Maximise Personality | ||
| 250 | _aEd | ||
| 260 |
_aNew Delhi _bWiley _c2018 |
||
| 300 | _a194 | ||
| 650 | _aSoft Skills | ||
| 700 | _aSHARMA,Sangeeta | ||
| 942 |
_2ddc _cREF |
||